000 00220nam a22000857a 4500
008 160712b xxu||||| |||| 00| 0 eng d
100 _92667
_a Roy, N
245 _aThe Telephone
260 _aNew Delhi
_bChildren Book Trust
_c2003
999 _c2320
_d2320